| 000 | 00885cam a2200277 a 4500 | ||
|---|---|---|---|
| 001 | SSB026252 | ||
| 003 | PILC | ||
| 005 | 20150304123243.0 | ||
| 008 | 090824s2011 njua b 001 0 eng | ||
| 010 | _a2009034089 | ||
| 020 | _a9780136119418 | ||
| 020 | _a9789814586818 | ||
| 035 | _a(OCoLC)ocn434125294 | ||
| 040 |
_aDLC _cDLC _dYDX _dYDXCP _dDLC |
||
| 050 | 0 | 0 |
_aTS 155 _b.H366 2014 |
| 100 | 1 | _aHeizer, Jay H. | |
| 245 | 1 | 0 |
_aOperations management : _cJay Heizer, Barry Render. _bsustainability and supply chain management / |
| 250 | _a11th ed. | ||
| 260 |
_aUpper Saddle River, N.J. : _bPrentice Hall, _cc2014. |
||
| 300 |
_axxx, 832, [53] pages : _bcolored illustrations ; _c27 cm. |
||
| 504 | _aIncludes bibliographical references and indexes. | ||
| 521 | _aBusiness Administration | ||
| 650 | 0 | _aProduction management. | |
| 700 | 1 | _aRender, Barry. | |
| 942 |
_2lcc _cBK |
||
| 999 |
_c283710 _d283710 |
||